Top 5 Football Clubs from the Top 5 European Leagues for the season 2014/15 - Statistics

General Stats
  • This quiz has been taken 595 times
    529 since last reset
  • The average score is 20 of 25
Answer Stats
Positions Teams % Correct
Runner Up Real Madrid
99%
Champions Barcelona
98%
3rd Place Arsenal
97%
Champions Chelsea
97%
Runner Up Manchester City
97%
Champions Juventus
96%
4th Place Manchester United
96%
3rd Place Atletico Madrid
91%
Champions Bayern Munich
91%
Champions Paris Saint-Germain
91%
5th Place Tottenham Hotspur
91%
Runner Up Roma
87%
4th Place Valencia
87%
5th Place Napoli
86%
5th Place Sevilla
86%
Runner Up Lyon
83%
3rd Place Lazio
81%
4th Place Marseille
79%
3rd Place Monaco
79%
4th Place Fiorentina
68%
Runner Up Wolfsburg
66%
4th Place Bayer Leverkusen
65%
3rd Place Borussia Monchengladbach
48%
5th Place Saint Etienne
34%
5th Place Augsburg
20%
No matching quizzes found
Score Distribution
Percent of People with Each Score
Percentile by Number Answered
Your Score History
You have not taken this quiz since the last reset